| 000 | 00557nam a2200193Ia 4500 | ||
|---|---|---|---|
| 003 | GCL | ||
| 008 | 140319s9999 xx 000 0 ara d | ||
| 040 |
_aGCL / _cGCL |
||
| 082 | 0 | 4 |
_a842 _bك ع |
| 100 | 1 | _aكامى، البير | |
| 245 | 1 | 0 |
_aالعادلون / _cكامى، البير |
| 700 | 1 | _aبسيم محرم | |
| 700 | 1 | _aفرنسيس، ريمون | |
| 300 | _a163 ص | ||
| 490 |
_aمسرحيات عالمية _v0 |
||
| 650 | 0 | 4 | _aالادب الفرنسى |
| 650 | 0 | 4 | _aالمسرحيات الفرنسية المترجمة |
| 942 |
_2ddc _cBK |
||
| 999 |
_c42715 _d42715 |
||